Missing Word: Child Stars Quiz Stats

 Plays Quiz Updated Jan 19, 2012

Support Sporcle.
Go Orange.
Score 0/24 Timer 03:00
1 Play Today
% Correct
Extra
96.5%
Home
96.2%
Little
95.8%
Seek
90.7%
Worlds
88.7%
Rich
85.8%
Jerry
84.1%
Wimpy
80.9%
Sister's
78.2%
Summer
76.8%
Kick
72.7%
Stuart
65.1%
% Correct
Girls
60.4%
Sam
58.9%
Definitely
49.1%
No
49%
Like
45%
Even
39.8%
Son
38.3%
Amityville
32.4%
Morning
29.9%
Eye
21.8%
Vampire
15.6%
Irreconcilable
9.2%

Today's Daily Dose

Word Ladder
ING Words

Get the Picture
Nearest Volcano

From the Vault

Asian Countries Border Blitz

by Gadgetron

You'd be amazed at how much faster it is to name countries this way.
Remove Ads.
Support Sporcle.
Get the best of Sporcle when you Go Orange. This ad-free experience offers more features, more stats, and more fun while also helping to support Sporcle. Thank you for becoming a member.

Show Comments

Extras

Top Quizzes Today


Score Distribution

Your Account Isn't Verified!

In order to create a playlist on Sporcle, you need to verify the email address you used during registration. Go to your Sporcle Settings to finish the process.

Report this User

Report this user for behavior that violates our Community Guidelines.

Details: